000 00424nam a2200193Ia 4500
003 0100
008 130303s9999 xx 000 0 und d
040 _cARRUPELIB
050 _aB721.L4 1958
100 _aLeff, Gordon
245 _aMedieval thought
245 _bSt. Augustin to Ockham
260 _aMiddlesex
260 _bPenguin Books
260 _C1958
300 _a316p
650 _aPHILOSOPHY
942 0 0 _02
999 _c49065
_d49065